Efficiency of English Football Premier League Clubs
Gespeichert in:
| 1. Verfasser: | |
|---|---|
| Weitere Verfasser: | |
| Format: | Buchkapitel |
| Sprache: | Englisch |
| Schlagworte: | |
| Tags: |
Keine Tags, Fügen Sie das erste Tag hinzu!
|
MARC
| LEADER | 00000nla a2200000 4500 | ||
|---|---|---|---|
| 001 | 0233989 | ||
| 005 | 20240531123144.3 | ||
| 041 | 0 | |a eng | |
| 044 | |a SK | ||
| 245 | 1 | 0 | |a Efficiency of English Football Premier League Clubs |c František Hurný, Roman Lacko |
| 500 | |a Abstrakt | ||
| 610 | 2 | 0 | |a šport |
| 610 | 2 | 0 | |a efektívnosť |
| 610 | 2 | 0 | |a meranie výkonnosti |
| 610 | 2 | 0 | |a analýza obaľovania dát |
| 100 | 1 | |a Hurný, František | |
| 700 | 1 | |a Lacko, Roman, 1988- | |